Úloha kolektívneho investovania v oblasti vedeckotechnických inovácií diplomová práca

Salvato in:
Dettagli Bibliografici
Autore principale: Fábryová, Diana
Ente Autore: Národohospodárska fakulta EU. Katedra bankovníctva a medzinárodných financií
Altri autori: Chovancová, Božena
Natura: Libro
Lingua:slovacco
Pubblicazione: Bratislava 2016
Tags: Aggiungi Tag
Nessun Tag, puoi essere il primo ad aggiungerne!!

MARC

LEADER 00000nbm a2200000 4500
001 0217900
005 20161124145529.9
041 0 |a slo 
044 |a SK 
245 1 0 |a Úloha kolektívneho investovania v oblasti vedeckotechnických inovácií  |b diplomová práca  |c Diana Fábryová ; školiteľ: Božena Chovancová 
264 1 |a Bratislava  |c 2016 
300 |a 89 s. 
100 1 |a Fábryová, Diana 
700 1 |a Chovancová, Božena 
710 2 |a Národohospodárska fakulta EU. Katedra bankovníctva a medzinárodných financií